00954nam a2200217 a 450000100100000000500170001000800410002704000250006808200200009310000330011324500750014626000410022130000200026259000260028265000280030865000310033691000370036795201910040495201240059599900170071900003308920240412074257.0110817s19uu dr 000 p spa d aDO-SdBNPbspacBNPHU aRD861.44bL937b1 aLuciano D., José R.95877113aUn beso de dolor... a una lágrima a olvidada /cJosé R. Luciano D. c[Santo Domingo ]:b[s.n. ],c[199?]. a90 p. ;c22 cm. aInventariado, 2018/LP 0aPoesía dominicana966 0aLiteratura dominicana.967 aValidado. Control de calidad MFF 0010718PDaPDbPDcHDd2011-08-17iLF1l0oRD861.44 L937bp33089-10r2020-06-25w2020-06-25yLFPDzPerteneció a la biblioteca personal de Aída Cartagena Portalatín.ZNo se presta 0011718PDaPDbPDcMId2013-06-27iLF1l0oRD861.44 L937bp33089-20r2020-06-25te. 2w2020-06-25yLFPDZNo se presta c32580d32580